Statistics for Taylor Swift #1 Songs on Billboard Hot 100

Click here to take the quiz!

General Stats

  • This quiz has been taken 61 times
  • The average score is 9 of 11

Answer Stats

Year of ReleaseAlbumSong% Correct
20141989Shake It Off
96%
2022MidnightsAnti-Hero
94%
2020folklorecardigan
92%
2019LoverCruel Summer
92%
20141989Blank Space
90%
2017reputationLook What You Made Me Do
90%
2012RedWe Are Never Ever Getting Back Together
88%
20141989Bad Blood
87%
2020evermorewillow
83%
2021Red (Taylor's Version)All Too Well (10 Minute Version) (Taylor's Version) (From The Vault)
71%
20231989 (Taylor's Version)Is It Over Now? (Taylor's Version) (From The Vault)
62%

Score Distribution

Percentile by Number Answered

Percent of People with Each Score

Your Score History

You have not taken this quiz